Vyrovnať sa svetu Extra príloha Cofax 1997
Rozhovor s generálnym riaditeľom š.p. Slovenské telekomunikácie Ing. P. Valentom. Hodnotenie doterajšieho priebehu modernizácie slovenských telekomunikačných sietí. Porovnanie telekomunikačnej infraštruktúry s krajinami Európskej únie. Finančné zdroje na modernizáciu. Vytváranie konkurenčného prostr...
Salvato in:
| Autore principale: | |
|---|---|
| Altri autori: | |
| Natura: | Capitolo di libro |
| Lingua: | slovacco |
| Soggetti: | |
| Tags: |
Nessun Tag, puoi essere il primo ad aggiungerne!!
|
MARC
| LEADER | 00000naa a2200000 4500 | ||
|---|---|---|---|
| 001 | r027225 | ||
| 005 | 20230606082646.2 | ||
| 041 | 0 | |a slo | |
| 044 | |a SK | ||
| 245 | 1 | 0 | |a Vyrovnať sa svetu |b Extra príloha Cofax 1997 |c P. Valent, F. Novosád |
| 520 | |a Rozhovor s generálnym riaditeľom š.p. Slovenské telekomunikácie Ing. P. Valentom. Hodnotenie doterajšieho priebehu modernizácie slovenských telekomunikačných sietí. Porovnanie telekomunikačnej infraštruktúry s krajinami Európskej únie. Finančné zdroje na modernizáciu. Vytváranie konkurenčného prostredia. Ponuka nových produktov pre zákazníkov. Hodnotenie slovenskej legislatívy upravujúcej podnikanie v oblasti telekomunikácií. | ||
| 610 | 2 | 0 | |a Slovenské telekomunikácie, š.p. Bratislava |
| 610 | 2 | 0 | |a telekomunikácie |
| 610 | 2 | 0 | |a infraštruktúra |
| 610 | 2 | 0 | |a Slovensko |
| 610 | 2 | 0 | |a modernizácia |
| 610 | 2 | 0 | |a financovanie |
| 610 | 2 | 0 | |a služby |
| 610 | 2 | 0 | |a siete počítačové |
| 610 | 2 | 0 | |a technológie komunikačné |
| 610 | 2 | 0 | |a telefón |
| 610 | 2 | 0 | |a ISDN |
| 610 | 2 | 0 | |a legislatíva |
| 100 | 1 | |a Valent, P. | |
| 700 | 1 | |a Novosád, František | |